000 01242cam a22003254a 4500
001 12906233
003 ARRUPE
005 20150217114840.0
008 020826s2003 nyu b 000 0 eng
010 _a 2002013706
020 _a157075473X (pbk.)
040 _aDLC
_cDLC
_dDLC
042 _apcc
043 _ae-fr---
050 0 0 _aBX2615.P35
_bC48 2003
082 0 0 _a248/.0944/361
_221
100 1 _aChase, Steven.
_915144
245 1 0 _aContemplation and compassion :
_bthe Victorine tradition /
_cSteven Chase.
260 _aLondon :
_bDarton, Longman and Todd,
_c2003.
300 _a173 p. ;
_c22 cm.
490 1 _aTraditions of Christian spirituality series
504 _aIncludes bibliographical references (p. [167]-173).
610 2 0 _aSaint-Victor (Abbey : Paris, France)
_915145
610 2 0 _aAugustinian Canons
_zFrance
_zParis
_xSpiritual life.
_915146
650 0 _aSpirituality
_xChristianity
_xHistory
_yMiddle Ages, 600-1500.
_915147
830 0 _aTraditions of Christian spirituality.
_915148
906 _a7
_bcbc
_corignew
_d1
_eecip
_f20
_gy-gencatlg
942 _2lcc
_cMONOGRAPH
999 _c122053
_d122053